000
00432nam a2200145Ia 4500
008
090124s9999 xx 000 0 und d
082
_b
401489
245
_a
प्रियदर्शिनी
250
_a
1
260
_b
जोशी महादेवशास्त्री
_c
1977
300
_a
101
630
_a
प्रियदर्शिनी
730
_a
प्रियदर्शिनी
942
_c
BOOK
999
_c
197873
_d
197873